LEADER 01214nam--2200409---450- 001 990001523550203316 005 20041203151441.0 035 $a000152355 035 $aUSA01000152355 035 $a(ALEPH)000152355USA01 035 $a000152355 100 $a20040322d1973----km-y0itay0103----ba 101 $aita 102 $aIT 105 $a||||||||001yy 200 1 $aChissą se i pesci piangono$eDocumentazione di un'esperienza educativa$fDanilo Dolci 210 $aTorino$cEinaudi$d1973 215 $aXI, 266 p.$d21 cm 225 2 $aSaggi$v508 410 0$12001$aSaggi$v508 454 1$12001 461 1$1001-------$12001 606 0 $aEducazione sperimentale$xSaggi 606 0 $aPartinico$xCentro educativo$z1972 676 $a371 700 1$aDOLCI,$bDanilo$032100 801 0$aIT$bsalbc$gISBD 912 $a990001523550203316 951 $aII.4. 7(Varie coll 2/508)$b87257 L.M.$cVarie coll 959 $aBK 969 $aUMA 979 $aSIAV6$b10$c20040322$lUSA01$h1714 979 $aSIAV6$b10$c20040322$lUSA01$h1716 979 $aPATRY$b90$c20040406$lUSA01$h1746 979 $aCOPAT3$b90$c20041203$lUSA01$h1514 996 $aChissą se i pesci piangono$9200500 997 $aUNISA LEADER 00835nam0-22003011i-450- 001 990003058430403321 035 $a000305843 035 $aFED01000305843 035 $a(Aleph)000305843FED01 035 $a000305843 100 $a20000920d1946----km-y0itay50------ba 101 0 $aita 102 $aIT 200 1 $aEconomic Controls and Commercial Policy in Panama.. 210 $aWashington$cUnited States Tariff Commission$d1946. 215 $a23 p.$d23 cm 610 0 $aPanama 676 $aF/1.212 676 $aO/3.32 712 2$aStati Uniti d'America. Tariff Commission 801 0$aIT$bUNINA$gRICA$2UNIMARC 901 $aBK 912 $a990003058430403321 952 $aF/1.212 ECO$b03452$fSES 959 $aSES 996 $aEconomic Controls and Commercial Policy in Panama.$9465820 997 $aUNINA DB $aING01